00800nam a2200229Ia 4500008004100000041001200041082001200053100002100065245006900086260003400155300000800189365000800197520001100205546001200216630006900228650001100297655001100308730006900319942000900388999001900397952015400416101110s9999 xx 000 0 und d aENGLISH bSR26400 aMascarenhas R.S. aManagement of small scale industries BMS, 2nd year- 4th semester c2003bVipul Prakashan, Mumbai a308 b100 aB.M.S. aENGLISH aManagement of small scale industries BMS, 2nd year- 4th semester aB.M.S. aB.M.S. aManagement of small scale industries BMS, 2nd year- 4th semester cBOOK c818988d818985 00104070aDBJbDBJcR5d0000-00-00ePrashant Book Depo, Chiplun,bill201,dt.8/11/04g100.00j2l0pDBJSR26400r2010-11-11 00:00:00w2010-11-11yBOOK